Dīwān (Record no. 48837)

MARC details
000 -LEADER
fixed length control field 00630cam a22002171 4500
001 - CONTROL NUMBER
control field ne 66000792
003 - CONTROL NUMBER IDENTIFIER
control field DLC
005 - DATE AND TIME OF LATEST TRANSACTION
control field 20260227111822.0
008 - FIXED-LENGTH DATA ELEMENTS--GENERAL INFORMATION
fixed length control field 810814s1964 le 000 0 arar
010 ## - LIBRARY OF CONGRESS CONTROL NUMBER
LC control number ne 66000792
025 ## - OVERSEAS ACQUISITION NUMBER
Overseas acquisition number PL480:UAR-7034
035 ## - SYSTEM CONTROL NUMBER
System control number (OCoLC)7669200
040 ## - CATALOGING SOURCE
Original cataloging agency DLC
Transcribing agency TU
Modifying agency TU
-- DLC
042 ## - AUTHENTICATION CODE
Authentication code premarc
050 00 - LIBRARY OF CONGRESS CALL NUMBER
Classification number PJ7701
Item number .A154 1964
100 2# - MAIN ENTRY--PERSONAL NAME
Personal name Abū al-ʻAtāhiyah, Ismāʻīl ibn al-Qāsim,
Dates associated with a name 747 or 748-826?
245 10 - TITLE STATEMENT
Title Dīwān
Statement of responsibility, etc. Abī al-ʻAtahiyah.
260 ## - PUBLICATION, DISTRIBUTION, ETC.
Place of publication, distribution, etc. Bayrūt,
Name of publisher, distributor, etc. Dār Ṣādir,
Date of publication, distribution, etc. 1964.
300 ## - PHYSICAL DESCRIPTION
Extent 511 p.
Dimensions 24 cm.
500 ## - GENERAL NOTE
General note Cover title: Dīwān Abī ʻLāʼ al-ʻAtahiyah.

No items available.

Powered by Koha